I-80 States - Sudden Death - Statistics

General Stats
  • This quiz has been taken 25 times
  • The average score is 7 of 11
Answers on the Grid
Answers color-coded by a green-red scale on the quiz's grid according to % correct below.
California
Connecticut
Idaho
Illinois
Indiana
Iowa
Maryland
Massachusetts
Montana
Nebraska
Nevada
New Hampshire
New Jersey
New York
North Carolina
Ohio
Oregon
Pennsylvania
Rhode Island
Tennessee
Utah
Washington
West Virginia
Wyoming
 
Answer Stats
Answer % Correct
Illinois
75%
Iowa
75%
Indiana
70%
Nebraska
70%
Ohio
70%
Pennsylvania
70%
California
65%
Wyoming
50%
Nevada
45%
New Jersey
45%
Utah
40%
No matching quizzes found
Score Distribution
Percent of People with Each Score
Percentile by Number Answered
Your Score History
You have not taken this quiz